000 00769nam a2200289Ia 4500
005 20260324114706.0
008 008 260324s9999 xx 000 0 eng d
020 _a9781003231936
037 _aEBOOK
040 _aCRL
040 _beng
040 _cCRL
041 _2eng
041 _aeng
084 _qCRL
100 _aHarrison Shagwira; Fredrick Madaraka Mwema; Thomas Ochuku Mbuya
_91151783
245 0 _aPolymer-Silica Based Composites in Sustainable Construction
245 0 _bTheory, Preparation and Characterizations
260 _bTaylor and Francis
260 _c2021
365 _a
365 _b115
856 _uhttp://www.taylorfrancis.com/books/9781003231936
942 _cEBOOK
999 _c1742111
_d1742111